ระบบห้องสมุดอัตโนมัติ ULibM
วิทยาลัยพยาบาลบรมราชชนนี พระพุทธบาท
เปลี่ยนเป็นภาษาไทย

Change to English
 แสดงรายละเอียดบรรณานุกรม
  กลับหน้าหลัก

Brief Record : Get Marc (ISO 2709) : E-mail record : QR code ปิดหน้าต่าง
E-books : เกี่ยวกับ Collections
LEADER 00000nam 2200000uu 4500
001    13399121544
003     ULIBM
008    131055s2546 th a 000 0 tha d
020    9746581058
100    สมจิต หนุเจริญกุล
245    แนวคิดการปฏิบัติการพยาบาลขั้นสูง ในระบบสุขภาพตามนโยบายหลักประกันสุขภาพถ้วนหน้า
250    พิมพ์ครั้งที่ 1
260    เชียงใหม่ :^bมหาวิทยาลัยเชียงใหม่,^c2546
300    27 หน้า
945    ^p0^l0^i010388
945    ^p0^l0^i010389
945    ^p0^l0^i010390
945    ^p0^l0^i010391
945    ^p0^l0^i010392
945    ^p0^l0^i010393
945    ^p0^l0^i010394
945    ^p0^l0^i010395
945    ^p0^l0^i010396
945    ^p0^l0^i011339
999    ^aน.ส.สุพรรษา เริงรื่น
รายการนี้ยังไม่มีแท็ก
คุณยังไม่ได้ล็อกอิน คุณสามารถมีกิจกรรมร่วมกับเว็บไซต์ได้ แต่ต้องล็อกอินก่อน ::
  ล็อกอิน
ไม่มีไอเทมให้บริการ
ไม่มีไอเทมให้บริการ
รายการใกล้เคียง
    ผู้แต่ง [สมจิต หนุเจริญกุล]

Bib 13399121544